Nejdůležitější věc : objevování pravdy v srdci života /

Hlavní autor: Adyashanti, 1962-
Další autoři: Krhutová, Daiana
Jazyk: Čeština
Vydáno: Olomouc : Fontána, [2020]
Vydání: Vydání první
Témata:
Fyzický popis: 232 stran ; 21 cm
Knihy
Uloženo v:
LEADER 02175nam a2200577 i 4500
001 nkc20203257741
003 CZ PrNK
005 20201118143058.0
007 ta
008 201009t20202020xr e 000 0 cze
015 |a cnb003257741 
020 |a 978-80-7651-020-3  |q (vázáno) 
035 |a (OCoLC)1226360804 
040 |a OLA001  |b cze  |d ABA001  |e rda 
041 1 |a cze  |h eng 
072 7 |a 22/24  |x Náboženství Dálného východu. Indická náboženství. Hinduismus. Buddhismus  |2 Konspekt  |9 5 
080 |a 22/24-582/-587  |2 MRF 
080 |a 24-583  |2 MRF 
080 |a 24-584.5  |2 MRF 
080 |a [13+2-584.5]:316.42  |2 MRF 
080 |a 24-312.6  |2 MRF 
080 |a 24  |2 MRF 
080 |a (049)  |2 MRF 
100 0 |a Adyashanti,  |d 1962-  |7 mzk2014831481  |4 aut 
240 1 0 |a Most important thing.  |l Česky 
245 1 0 |a Nejdůležitější věc :  |b objevování pravdy v srdci života /  |c Adyashanti ; z anglického originálu The most importand thing - discovering truth at the heart of life ... přeložila Daiana Krhutová 
250 |a Vydání první 
264 1 |a Olomouc :  |b Fontána,  |c [2020] 
264 4 |c ©2020 
300 |a 232 stran ;  |c 21 cm 
336 |a text  |b txt  |2 rdacontent 
337 |a bez média  |b n  |2 rdamedia 
338 |a svazek  |b nc  |2 rdacarrier 
650 0 7 |a sebepoznání  |7 ph116116  |2 czenas 
650 0 7 |a buddhistická meditace  |7 ph184262  |2 czenas 
650 0 7 |a duchovní cesta  |7 ph119626  |x buddhistické pojetí  |2 czenas 
650 0 7 |a duchovní transformace  |7 ph913397  |2 czenas 
650 0 7 |a duchovní probuzení  |7 ph663539  |x buddhistické pojetí  |2 czenas 
650 0 9 |a self-consciousness  |2 eczenas 
650 0 9 |a Buddhist meditation  |2 eczenas 
650 0 9 |a spiritual path  |x Buddhist approach  |2 eczenas 
650 0 9 |a spiritual transformation  |2 eczenas 
650 0 9 |a spiritual enlightenment  |x Buddhist approach  |2 eczenas 
655 7 |a pojednání  |7 fd133056  |2 czenas 
655 9 |a essays  |2 eczenas 
700 1 |a Krhutová, Daiana  |7 xx0044904  |4 trl 
910 2 |a BOA001  |b 2-1453.712 
990 |a BK 
995 |a 01 
991 |b 202011  |c NOV 
996 6 |b 2610842510  |c 2-1453.712  |l MZK  |r Sklad / do 1 hodiny  |n 0  |p p.v.  |w 001831728  |u 000010  |a 1  |e BOA001  |j MZK50  |s P